AGERE (indicatif et infinitif présent) - Statistiques

Statistiques générales
  • Ce quiz a été pris 137 fois
  • Le résultat moyen est 4 sur 14
Answers on the Grid
Answers color-coded by a green-red scale on the quiz's grid according to % correct below.
agus
agere
agot
ageris
agiomus
agaminus
agutis
agimus
agitis
agam
agom
agis
agi
agirt
agitur
agerit
ago
ageres
agar
agimini
agimur
agint
agero
agit
agitus
agiunt
agor
agumur
agunt
aguntur
 
Statistiques - réponses
Réponse % Correct
agere
69%
agis
54%
agimus
46%
ago
46%
agit
31%
agi
23%
agimini
23%
agitis
23%
ageris
23%
agitur
15%
agimur
8%
agor
8%
agunt
8%
aguntur
8%
Aucun quiz correspondant
Distribution des résultats
% des personnes avec chaque résultat
Percentile par nombre de réponses
Votre historique - résultats
Vous n’avez pas pris ce quiz